Sports Quiz

Random Sports or World Cup Quiz

World Cup Runners-Up Quiz Stats

 Plays Quiz Updated Jul 15, 2018

Score 0/21 Timer 05:00
7 Plays Today
Winner Runner-up % Correct
FranceCroatia
91.6%
GermanyArgentina
85.3%
ItalyFrance
84.3%
SpainNetherlands
81.4%
FranceBrazil
81%
BrazilGermany
78.4%
BrazilItaly
73.7%
EnglandWest Germany
70.4%
UruguayArgentina
68.3%
West GermanyArgentina
68.2%
ArgentinaWest Germany
67.2%
Winner Runner-up % Correct
ItalyWest Germany
63.1%
UruguayBrazil
62.1%
BrazilItaly
59.3%
West GermanyNetherlands
58.9%
ArgentinaNetherlands
58.1%
BrazilSweden
51.8%
West GermanyHungary
45.9%
ItalyHungary
35.5%
ItalyCzechoslovakia
32.6%
BrazilCzechoslovakia
30.8%

You're not logged in!

Compare scores with friends on all Sporcle quizzes.
OR
Log In

Sporcle TV

Today on Sporcle TV


Watch our educational content, quiz creation guides, and fun videos on Sporcle TV.

Show Comments

Extras

Top Quizzes Today


Score Distribution

Your Account Isn't Verified!

In order to create a playlist on Sporcle, you need to verify the email address you used during registration. Go to your Sporcle Settings to finish the process.

Report this User

Report this user for behavior that violates our Community Guidelines.

Details: